000
00301nam a2200109Ia 4500
008
200302s9999 xx 000 0 und d
100
_a
Fabio Schillaci
245
_a
Construction and Design Manual Architectural Renderings
260
_b
Page one Publishing Pvt. Ltd.
260
_c
2009
300
_a
465 P.,
999
_c
2767
_d
2767